Comparative aspects of restrictive trade practices : a report of a colloquium organized by the United Kingdom National Committee of Comparative Law supported by the British Institute of International and Comparative Law and held in ... University of Southampton on July 18 and 19, 1960.
Disimpan dalam:
| Pengarang Korporat: | |
|---|---|
| Format: | Buku |
| Bahasa: | English |
| Diterbitkan: |
London :
British Institute of International and Comparative Law,
c1961.
|
| Siri: | International and comparative law quarterly. Supplementary publication ;
no. 2. |
| Subjek-subjek: | |
| Penanda-penanda: |
Tambah Penanda
Tiada Penanda, Jadilah orang pertama menanda rekod ini!
|
| LEADER | 01486nam a2200313Ia 4500 | ||
|---|---|---|---|
| 001 | 004452425-0 | ||
| 005 | 20020606095253.2 | ||
| 008 | 900516s1961 enk 100 0 eng | ||
| 010 | |a 65077196 /L | ||
| 015 | |a GB61-16876 | ||
| 035 | 0 | |a ocm21545661 | |
| 035 | 0 | |a ocm21545661 |z ocm28664719 | |
| 040 | |a DLC |c GUB |d UKM |d HLS | ||
| 043 | |a e-uk--- |a e------ | ||
| 050 | 4 | |a K3850 |b .A55 1960 | |
| 082 | 0 | 4 | |a 343.407 |2 18 |
| 090 | |a K3850 |b .A55 1960 | ||
| 245 | 0 | 0 | |a Comparative aspects of restrictive trade practices : |b a report of a colloquium organized by the United Kingdom National Committee of Comparative Law supported by the British Institute of International and Comparative Law and held in ... University of Southampton on July 18 and 19, 1960. |
| 260 | |a London : |b British Institute of International and Comparative Law, |c c1961. | ||
| 300 | |a iv, 91 p. ; |c 25 cm. | ||
| 490 | 1 | |a International and comparative law quarterly. Supplementary publication ; |v no. 2 | |
| 504 | |a Includes bibliographical references. | ||
| 650 | 0 | |a Restraint of trade |z Great Britain. | |
| 650 | 0 | |a Restraint of trade |z Europe. | |
| 710 | 2 | |a British Institute of International and Comparative Law. | |
| 776 | 0 | 8 | |i Online version: |t Comparative aspects of restrictive trade practices. |d London : British Institute of International and Comparative Law, ©1961 |w (OCoLC)743187715 |
| 830 | 0 | |a International and comparative law quarterly. |p Supplementary publication ; |v no. 2. | |
| 988 | |a 20020608 | ||
| 906 | |0 DLC | ||


